000 00718nam a22002177a 4500
003 UA-OsUOA
001 63586
007 ta
008 20091009b un ||||| |||| 00| 0 ukr d
100 _aЛисенко-Єржиківська Н.
090 _a82
_bЛ63
942 _cSA
040 _aUA-OsUOA
_bukr
_cUA-OsUOA
_dUA-OsUOA
245 _aТематично-мотиваційна проблематика "одеської" інтимної лірики Адама Міцкевича та її українське відлуння
300 _aС.85-96
955 _a0
041 _aukr
080 _a82
773 0 _w63584
650 7 _a82 Література. Літературознавство
_2UDC
999 _c349928
_d349928